Größte deutsche Stadien - Statistiken

Allgemein
  • Dieses Quiz wurde 61 mal gespielt
  • Das Durchschnittsergebnis liegt bei 11 aus 18
Antwortstatistiken
Verein Kapazität Stadioname % Korrekt
Bayern München 75,000 Allianz-Arena
100%
BVB 80,100 Signal-Iduna-Park
96%
Hertha BSC 75,000 Olympiastadion
95%
Schalke 04 62,000 Veltins-Arena
91%
Werder Bremen 42,100 Weserstadion
84%
HSV 57,000 Volksparkstadion
77%
RB Leipzig 47,000 Red Bull Arena
75%
1.FC Nürnberg 50,000 Max-Morlock-Stadion
70%
Borussia Mönchengladbach 54,000 Borussia-Park
68%
1.FC Köln 50,000 RheinEnergieStadion
68%
Eintracht Frankfurt 58,000 Deutsche Bank Park
61%
1.FC Kaiserslautern 50,000 Fritz-Walter-Stadion
54%
SC Freiburg 34,000 Europa-Park-Stadion
50%
Fortuna Düsseldorf 54,600 Merkur Spiel-Arena
48%
Hannover 96 49,000 Heinz von Heiden arena
39%
FSV Mainz 05 33,000 MEWA-Arena
39%
SV Gladbeck 37,000 Stadion Gladbeck
11%
VfB Stuttgart 60,000 MHPArena Stuttgart
4%
Keine übereinstimmenden Quizze gefunden
Verteilung der Resultate
Anzahl Personen mit jedem Resultat
Perzentil nach korrekt beantworteten Fragen
Ihre Resultats-Entwicklung
Sie haben dieses Quiz noch nicht gespielt